Coupe du Monde de Football: RDA - Statistiques

Statistiques générales
  • Ce quiz a été pris 24 fois
  • Le résultat moyen est 4 sur 6
Statistiques - réponses
Réponse % Correct
RFA
95%
Brésil
86%
Argentine
77%
Pays-Bas
68%
Australie
50%
Chili
41%
Aucun quiz correspondant
Distribution des résultats
% des personnes avec chaque résultat
Percentile par nombre de réponses
Votre historique - résultats
Vous n’avez pas pris ce quiz